LEADER 01787nam a2200361 i 4500 001 000000118057 003 CaOOAMICUS 005 20021001000000.0 008 021001s1995 it u000 u ita u 013 $a90750 020 $a88-16-30297-6 040 $aSeMil$bita 245 14$aUna gioia insolita :$blettere tra un prete cattolico e un laico anglicano /$cG. Calabria ; C.S. Lewis ; introduzione e note di Luciano Squizzato ; traduzione di Patrizia Morelli. 260 $aMilano :$bJaca Book,$c1995. 300 $aIV, 307 p. :$bill. ;$c23 cm. 490 0 $aGià e non ancora [Jaca Book] ;$v297 500 $aContiene : Bibliografia ; Appendice. - Fondo Card. C.M. Martini. 650 4$aCalabria, Giovanni - Lettere e carteggi.$0(OLS)http://semarc/subject/7376 650 4$aLewis, Clive Staples <1898-1963> - Lettere e carteggi.$0(OLS)http://semarc/subject/21952 700 1 $aMorelli, Patrizia.$0(OLS)http://semarc/name/49275 700 1 $aSquizzato, Luciano.$0(OLS)http://semarc/name/49274 700 1 $aLewis, Clive Staples,$d<1898-1963>.$0(OLS)http://semarc/name/12911 700 1 $aCalabria, Giovanni,$c.$0(OLS)http://semarc/name/17787 830 0$aGià e non ancora ;$v297.$0(OLS)http://semarc/title/5902 850 $aSeMil 852 $aSeMil$W1$xVenegono$y1$m2K III 25$j73388$B73388$CSeMilBibl$Z2$F101351 $81 900 1 $aLewis, Clive S.,$d<1888-1963>. 941 1 $a4 961 $aOmaggio: Martini Card. Carlo Maria 996 $6020$a88-16-30297-6$9(OLS)http://semarc/number/102573 996 $6245$aUna gioia insolita :$blettere tra un prete cattolico e un laico anglicano$9(OLS)http://semarc/title/173405 996 $6260$aMilano :$bJaca Book$9(OLS)http://semarc/publisher/29781 LEADER 00667nam a2200169 i 4500 001 000000245727 003 CaOOAMICUS 005 20151022000000.0 008 151022s1898 it u000 u ita u 013 $a224632 040 $aSeMil$bita 245 10$aVol. 1. 300 $aXII, 531 p., [1] c. di tav. :$britr. 773 0 $aLemoyne, Giovanni Battista $tMemorie biografiche di don Giovanni Bosco.$bEd. extra-commerciale.$dS. Benigno Canavese : Scuola tipografica libraria Salesiana, 1898-1917.$g1$w()32666 850 $aSeMil 852 $aSeMil$W1$xVenegono$y1$m3H VI 94 FA$j196073$B196073$CSeMilBibl$Z2$F207125 $8I 996 $6245$aVol. 1$9(OLS)http://semarc/title/13429